<?xml version="1.0" encoding="UTF-8"?><?xml-stylesheet type="text/xsl" href="static/style.xsl"?><OAI-PMH xmlns="http://www.openarchives.org/OAI/2.0/" xmlns:xsi="http://www.w3.org/2001/XMLSchema-instance" xsi:schemaLocation="http://www.openarchives.org/OAI/2.0/ http://www.openarchives.org/OAI/2.0/OAI-PMH.xsd"><responseDate>2026-04-28T18:36:42Z</responseDate><request verb="GetRecord" identifier="oai:riubu.ubu.es:10259/9776" metadataPrefix="marc">https://riubu.ubu.es/oai/request</request><GetRecord><record><header><identifier>oai:riubu.ubu.es:10259/9776</identifier><datestamp>2024-12-13T01:05:25Z</datestamp><setSpec>com_10259_4839</setSpec><setSpec>com_10259_5086</setSpec><setSpec>com_10259_2604</setSpec><setSpec>col_10259_4840</setSpec></header><metadata><record xmlns="http://www.loc.gov/MARC21/slim" xmlns:doc="http://www.lyncode.com/xoai" xmlns:xsi="http://www.w3.org/2001/XMLSchema-instance" xmlns:dcterms="http://purl.org/dc/terms/" xsi:schemaLocation="http://www.loc.gov/MARC21/slim http://www.loc.gov/standards/marcxml/schema/MARC21slim.xsd">
<leader>00925njm 22002777a 4500</leader>
<datafield tag="042" ind1=" " ind2=" ">
<subfield code="a">dc</subfield>
</datafield>
<datafield tag="720" ind1=" " ind2=" ">
<subfield code="a">Zabaleta González, Rebeca</subfield>
<subfield code="e">author</subfield>
</datafield>
<datafield tag="720" ind1=" " ind2=" ">
<subfield code="a">Lezcano Barbero, Fernando</subfield>
<subfield code="e">author</subfield>
</datafield>
<datafield tag="720" ind1=" " ind2=" ">
<subfield code="a">Perea Bartolomé, Mª Victoria</subfield>
<subfield code="e">author</subfield>
</datafield>
<datafield tag="260" ind1=" " ind2=" ">
<subfield code="c">2023</subfield>
</datafield>
<datafield tag="520" ind1=" " ind2=" ">
<subfield code="a">El concepto alfabetización en salud mental (ASM) hace referencia a los conocimientos y creencias sobre los trastornos mentales. Mejorar la ASM puede tener un impacto significativo en los individuos y en la sociedad en general. El objetivo del estudio fue revisar la producción científica relativa a la ASM, analizar sus características e identificar las fortalezas y debilidades de las acciones propuestas. Se realizó una revisión sistemática de la literatura mediante búsquedas en las bases de datos Web of Science (WOS) y Scopus. Se han seleccionado y analizado 106 artículos. Los resultados se organizan en 4 categorías: concepto de ASM y cómo materializarlo, programas educativos, instrumentos de evaluación de ASM y estudios sobre los niveles de ASM. El término ASM se disemina a lo largo del mundo pese a la falta de consenso conceptual. Se materializa, principalmente, a través de intervenciones educativas con diversas metodologías. Aunque existen limitaciones para medir la ASM, generalmente, se detectan bajos niveles en los diferentes grupos de población y sobre problemas específicos de salud mental. En definitiva, se encontraron, prioritariamente, acciones puntuales que requieren de un mayor desarrollo de programas aplicables en la sociedad para la información y prevención de los problemas de salud mental. Es necesaria la proliferación del término ASM para la prevención e información de los problemas de salud mental.</subfield>
</datafield>
<datafield tag="520" ind1=" " ind2=" ">
<subfield code="a">The concept of mental health literacy (MHL) refers to knowledge and beliefs about mental disorders. Improving MHL can have a significant impact on individuals and society at large. The aim of the study wasto review the scientific production related to MHL,analyze itscharacteristics,and identify the strengths and weaknesses of the proposed interventions.  A  systematic  review  of  the  literature wascarried  out  by  searches  in  the  databases Web  of  Science (WOS)and Scopus. One hundred and six articles have been selected and analyzed. The results are organized into 4 categories: Conceptualization  of MHL   and   how   to   materialize   it,   educational  programs,  MHL   assessment instruments,andstudies on MHL levels. The concept of MHL is disseminated around the world despite the lack of conceptual  consensus.  It  is  materialized  mainly  through  educational  interventions  with  diverse  methodologies. Although there are limitations in measuring MHL, in general, the levels are low in different population groups and on specific mental health problems. In short,specific actions that require further development of applicable programsfor the information and prevention of mental health problems were found as a priority. The spread of the term MHL is necessary for the prevention and information of mental health problems.</subfield>
</datafield>
<datafield tag="024" ind2=" " ind1="8">
<subfield code="a">0717-0297</subfield>
</datafield>
<datafield tag="024" ind2=" " ind1="8">
<subfield code="a">http://hdl.handle.net/10259/9776</subfield>
</datafield>
<datafield tag="024" ind2=" " ind1="8">
<subfield code="a">10.7764/psykhe.2020.21787</subfield>
</datafield>
<datafield ind1=" " ind2=" " tag="653">
<subfield code="a">Alfabetización en salud mental</subfield>
</datafield>
<datafield ind1=" " ind2=" " tag="653">
<subfield code="a">Educación</subfield>
</datafield>
<datafield ind1=" " ind2=" " tag="653">
<subfield code="a">Enfermedad mental</subfield>
</datafield>
<datafield ind1=" " ind2=" " tag="653">
<subfield code="a">Revisión de literatura</subfield>
</datafield>
<datafield ind1=" " ind2=" " tag="653">
<subfield code="a">Mental health literacy</subfield>
</datafield>
<datafield ind1=" " ind2=" " tag="653">
<subfield code="a">Education</subfield>
</datafield>
<datafield ind1=" " ind2=" " tag="653">
<subfield code="a">Mental illness</subfield>
</datafield>
<datafield ind1=" " ind2=" " tag="653">
<subfield code="a">Literature review</subfield>
</datafield>
<datafield tag="245" ind1="0" ind2="0">
<subfield code="a">Alfabetización en Salud Mental: Revisión Sistemática de la Literatura</subfield>
</datafield>
</record></metadata></record></GetRecord></OAI-PMH>